|
|
|
|
| LEADER |
00845nam a2200181 i 4500 |
| 001 |
10110293 |
| 003 |
GR-PaULI |
| 005 |
20240419132523.0 |
| 008 |
210727s1981 gr o g d gre d |
| 040 |
|
|
|a GR-PaULI
|c GR-PaULI
|b gre
|e AACR2
|
| 082 |
0 |
4 |
|a 889.234
|2 23
|
| 100 |
1 |
|
|9 102364
|a Ποντίκας, Μάριος,
|d 1942-
|e συγγραφέας.
|
| 245 |
1 |
0 |
|a Εσωτερικαί ειδήσεις :
|b (ένα <<σενάριο>> της ομότιτλης παράστασης στο Θέατρο Στοά) /
|c Μάριος Ποντίκας.
|
| 260 |
|
|
|a Αθήνα :
|b Γνώση,
|c 1981.
|
| 300 |
|
|
|a 133 σ. :
|b εικ. ;
|c 21 εκ.
|
| 942 |
|
|
|2 ddc
|c BK
|
| 952 |
|
|
|0 0
|1 0
|2 ddc
|4 0
|6 889_234000000000000_ΠΟΝ
|7 0
|9 379566
|a LISP
|b LISP
|c DON
|d 2024-04-19
|e ΠΑΤ
|i 365081
|l 0
|o 889.234 ΠΟΝ
|p 025000309833
|r 2024-04-19 00:00:00
|t 1
|w 2024-04-19
|y BKN
|
| 999 |
|
|
|c 220652
|d 220652
|